000 00711cam a2200241 a 4500
999 _c2670
_d2670
001 1369682
003 GBCCL
005 20241126110436.0
008 810128t19811973tnu 000 0aeng
010 _a 81000764
020 _a057000070x
040 _aDLC
_cDLC
_dDLC
050 0 0 _aBV4935.I78
_bA33 1981
082 0 0 _a248.246092
_aB
_219
_bIRV
100 1 _aIrvine, Doreen.
_95624
245 1 0 _aFrom witchcraft to Christ/
_cDoreen Irvine.
260 _aCambridge :
_bConcordia press,
_c[1991] c1973.
300 _a188 p. ;
_c20 cm.
600 1 0 _aIrvine, Doreen.
_95624
650 0 _aChristian converts
_zEngland
_vBiography.
_95625
906 _a7
_bcbc
_corignew
_d1
_eocip
_f19
_gy-gencatlg
942 _2ddc
_cBK
_042